000
00261nam a2200109Ia 4500
008
200302s9999 xx 000 0 und d
100
_a
George Michell
245
_a
The Royal Palaces of India
260
_b
Thames & Hudson Ltd.
260
_c
1994
300
_a
232 P.,
999
_c
874
_d
874